| 000 | 00788nam a22002417a 4500 | ||
|---|---|---|---|
| 003 | DO-SdBNP | ||
| 005 | 20240301123914.0 | ||
| 007 | ta | ||
| 008 | 220128b2019 dr ||||| |||| 00| 0 spa d | ||
| 020 | _a9789945915693 | ||
| 040 |
_aDO-SdBNP _bspa _cBNPHU |
||
| 082 | 4 |
_aRD863.5 _bP438e _222 |
|
| 100 | 1 |
_aPérez, Ana Rosa, _d1956- _943507 |
|
| 245 | 1 | 3 |
_aEl hombre que se vio a través de la ventana / _cAna Rosa Pérez. |
| 260 |
_aSanto Domingo : _bEl Gato Ediciones, _c2019. |
||
| 300 |
_a152 p. ; _c23 cm. |
||
| 500 | _aIncluye datos biográficos de la autora en la solapa de la cubierta. | ||
| 590 | _aInventariado, 2022 /LP | ||
| 650 | 4 | _aCuentos dominicanos | |
| 650 | 4 | _aLiteratura dominicana | |
| 910 | _aLopérez./Validado. Control de calidad MFF | ||
| 942 |
_2ddc _cLBS1 |
||
| 999 |
_c51260 _d51260 |
||